000 00449nam a2200181Ia 4500
001 16697
005 20260306170330.0
008 260306t1959||||xx |||||||||||||| ||und||
041 _aESP
082 _a349.6
_bG23 T. 1 P. 1
100 _aGarcía-Gallo, Alfonso
_eAUT
245 0 _aManual de historia del derecho español
260 _c1959
300 _a240 páginas :
_c21 cm.
650 _aGEN
654 _aCDE
942 _cLIB
_dJUS
_fJUS
_2ddc
_n
999 _c16697
_d16697